| 000 | 00620nam a2200181Ia 4500 | ||
|---|---|---|---|
| 003 | GCL | ||
| 008 | 140319s9999 xx 000 0 ara d | ||
| 040 |
_aGCL / _cGCL |
||
| 082 | 0 | 4 |
_a191 _bف ك |
| 100 | 1 | _aفؤاد زكريا | |
| 245 | 1 | 0 |
_aكم عمر الغضب : هيكل وازمة العقل العربى / _cفؤاد زكريا |
| 250 | _aالاولى | ||
| 260 |
_aالكويت : _bشركة كاظم للنشر والترجمة والتوزيع ، _c1983 |
||
| 300 |
_a228 ص ؛ _c19سم |
||
| 650 | 0 | 4 | _aمحمد حسنين هيكل |
| 650 | 0 | 4 | _aمصر - الاحوال السياسية |
| 942 |
_2ddc _cBK |
||
| 999 |
_c43721 _d43721 |
||